| 000 | 00650nam a22002537a 4500 | ||
|---|---|---|---|
| 001 | 21558 | ||
| 003 | UA-OsUOA | ||
| 005 | 20220207112305.0 | ||
| 007 | ta | ||
| 008 | 20031211b un ||||| |||| 00| 0 ukr d | ||
| 020 | _a5-325-00088-8 | ||
| 040 |
_aUA-OsUOA _bukr _cUA-OsUOA _dUA-OsUOA |
||
| 041 | _aukr | ||
| 044 | _aUA | ||
| 080 | _a330.1 | ||
| 090 |
_a330.1 _bЯ85 |
||
| 100 | _aЯстремський О. І. | ||
| 245 |
_aМоделювання економічного ризику _cред. Л. В. Мавришева |
||
| 260 |
_aКиїв _bЛибідь _c1992 |
||
| 300 | _a176 с. | ||
| 650 | 7 | _2UDC | |
| 942 |
_cBK _2udc |
||
| 955 | _a0 | ||
| 999 |
_c307761 _d307761 |
||